Sladařství a pivovarství pro posl. fak. potravinářské a biochemické technologie

Guardado en:
Detalles Bibliográficos
Autores principales: Basařová, Gabriela, Čepička, Jaroslav, 1940- (Autor)
Formato: Libro
Lenguaje:checo
Publicado: Praha SNTL 1986
Edición:2. nezm. vyd.
Acceso en línea:Ver en el OPAC
Etiquetas: Agregar Etiqueta
Sin Etiquetas, Sea el primero en etiquetar este registro!

MARC

LEADER 00000nam a2200000 a 4500
005 20260127134247.0
008 160404s1986 ---CZ 0 cze c
035 |a vtls001260927 
035 |a SNK000211781 
039 9 |a 201604041055  |b VLOAD  |c 200510281243  |d mschk03  |y 200412270924  |z VLOAD 
040 |a SNK  |b slo  |c SNK  |d STUSCHK1  |e AACR2 
041 0 |a cze 
044 |a CZ 
100 1 |a Basařová, Gabriela 
245 1 |a Sladařství a pivovarství  |b pro posl. fak. potravinářské a biochemické technologie  |c Gabriela Basařová, Jaroslav Čepička 
250 |a 2. nezm. vyd. 
260 |a Praha  |b SNTL  |c 1986 
300 |a 256 s.  |c 4° 
700 1 |a Čepička, Jaroslav,  |d 1940-  |4 aut  |9 1242 
910 |a SCHK95 
958 |a RK 
974 |a 039  |b 19960701 
999 |c 8137  |d 8137